000 00426nam a2200157 i 4500
001 bg
100 1 _aCROUSE, William H.
245 0 _aAutomotive Fuel, lubricating and cooling systems :
_bconstruction, operation and maintenance /
_cWilliam H. Crouse.
250 _a4th ed.
260 _aNew York,
_c1971.
040 _cBPK
041 _apol
080 _a621.4
942 _cKS
008 s pl f |000 0 pol
999 _c15484
_d15484
856 _uhttp://koha.tu.koszalin.pl/cgi-bin/koha/opac-detail.pl?biblionumber=15484
_yKatalog online BPK